Исследование взаимодействия углеводородов, содержащихся в дизельных фракциях, методом квантово-химических расчетов; Химия и химическая технология в XXI веке

Xehetasun bibliografikoak
Parent link:Химия и химическая технология в XXI веке.— 2019.— [С. 344-345]
Egile nagusia: Бердникова А. А.
Erakunde egilea: Национальный исследовательский Томский политехнический университет Инженерная школа природных ресурсов Отделение химической инженерии
Beste egile batzuk: Машнич В. В. (научный руководитель), Францина Е. В. Евгения Владимировна
Gaia:Заглавие с экрана
Hizkuntza:errusiera
Argitaratua: 2019
Saila:Технология и моделирование процессов подготовки и переработки углеводородного сырья
Gaiak:
Sarrera elektronikoa:http://earchive.tpu.ru/handle/11683/55625
Formatua: Baliabide elektronikoa Liburu kapitulua
KOHA link:https://koha.lib.tpu.ru/cgi-bin/koha/opac-detail.pl?biblionumber=629463

MARC

LEADER 00000naa2a2200000 4500
001 629463
005 20231226130249.0
035 |a (RuTPU)RU\TPU\conf\30103 
035 |a RU\TPU\conf\30100 
090 |a 629463 
100 |a 20190715d2019 k y0rusy50 ca 
101 0 |a rus 
102 |a RU 
105 |a y z 101zy 
135 |a drgn ---uucaa 
181 0 |a i  
182 0 |a b 
200 1 |a Исследование взаимодействия углеводородов, содержащихся в дизельных фракциях, методом квантово-химических расчетов  |f А. А. Бердникова, В. В. Машнич, Е. В. Францина  |g науч. рук. Е. В. Францина 
203 |a Текст  |c электронный 
225 1 |a Технология и моделирование процессов подготовки и переработки углеводородного сырья 
300 |a Заглавие с экрана 
320 |a [Библиогр.: с. 345 (1 назв.)] 
463 0 |0 (RuTPU)RU\TPU\conf\29907  |t Химия и химическая технология в XXI веке  |o материалы XX Международной научно-практической конференции имени профессора Л. П. Кулёва студентов и молодых ученых, 20–23 мая 2019 г., г. Томск  |f Национальный исследовательский Томский политехнический университет  |v [С. 344-345]  |d 2019 
610 1 |a электронный ресурс 
610 1 |a труды учёных ТПУ 
610 1 |a углеводороды 
610 1 |a дизельные фракции 
610 1 |a квантово-химические расчеты 
610 1 |a энергия 
610 1 |a межмолекулярные взаимодействия 
610 1 |a термобарические условия 
700 1 |a Бердникова  |b А. А. 
701 1 |a Машнич  |b В. В. 
701 1 |a Францина  |b Е. В.  |c химик-технолог  |c доцент Томского политехнического университета, кандидат технических наук  |f 1985-  |g Евгения Владимировна  |3 (RuTPU)RU\TPU\pers\25034  |9 11167 
702 1 |a Францина  |b Е. В.  |c химик-технолог  |c доцент Томского политехнического университета, кандидат технических наук  |f 1985-  |g Евгения Владимировна  |4 727 
712 0 2 |a Национальный исследовательский Томский политехнический университет  |b Инженерная школа природных ресурсов  |b Отделение химической инженерии  |3 (RuTPU)RU\TPU\col\23513 
801 2 |a RU  |b 63413507  |c 20190807  |g RCR 
856 4 |u http://earchive.tpu.ru/handle/11683/55625 
942 |c BK